| 000 | 00000nam##2200000za#4500 |
| 001 | 9.570224 |
| 003 | CaOODSP |
| 005 | 20210624182135 |
| 007 | cr ||||||||||| |
| 008 | 150406|2002||||xxc|||||o f|0| 0 eng|d |
| 040 | |aCaOODSP|beng |
| 043 | |an-cn--- |
| 086 | 1 |aNH15-394/2002E-PDF |
| 110 | 2 |aCanada Mortgage and Housing Corporation. |
| 245 | 14|aThe population health approach to housing : |h[electronic resource]|ba framework for research / |cby James R. Dunn. |
| 260 | |bCanada Mortgage and Housing Corporation |cApril 2002. |
| 300 | |a80p.|bfigs., graphs, references, tables |
| 490 | 1 |aResearch report. Distinct housing needs series |
| 500 | |aThe catalogue number (NH15-394/2002E) and ISBN (0-662-32580-X) for the print edition have been incorrectly copied in this electronic publication. |
| 590 | |a11-27-Supp|b2011-11-15 |
| 720 | 1 |aDunn, James R. (James Roland) |
| 775 | 08|tL'approche de la santé de la population en fonction du logement : |w(CaOODSP)9.600972 |
| 830 | #0|aResearch report. Distinct housing needs series.|w(CaOODSP)9.505240 |
| 856 | 40|ahttp://publications.gc.ca|qPDF|s892 KB|uhttps://publications.gc.ca/collections/collection_2011/schl-cmhc/nh18-1-5/NH15-394-2002-eng.pdf |